000 01045nam a22003137a 4500
005 2011062406136.0
008 110624t xxu||||| |||| 00| 0 eng d
010 _aENG-102641
020 _c395.00
_a9789380177496
035 _aEN-86174
037 _bDBAD / PUB
040 _adpl
_bEnglish
082 _a793.2
100 _928493
110 _928532
245 _aParty games for all occasions /
_ccomplied & edited by Vanita
260 _aNew Delhi
_bVij Books India
_c2011
270 _a4675-A, Ansari Road, Darya Ganj
_bNew Delhi
_e110002
_k91-11-65449971,91-11-43596460
_l91-11-30126465
_mvijbooks@rediffmail.com
300 _a153p.
_c22cm (pbk)
500 _aIncludes index.
600 _928594
610 _928529
651 _928530
700 _928520
_aVanita
710 _928535
942 _2ddc
_cEN
_mPAR
_h793.2
999 _c53178
_d53178